000 00535nam a22001697a 4500
003 NUST - PNEC
005 20170116181152.0
008 151203b xxu||||| |||| 00| 0 eng d
020 _a-
040 _cLIBRARY
082 _a620.17 AIT
100 _915543
_aPumphrey, William I
245 _aUsing steel wisely; a dissertation on the principles underlying the selection of the correct steel for any engineering application,
_cWilliam L Pumphrey,
260 _cc1958.
650 _915544
_aSteel, Structural
_xME
942 _2ddc
_cBK
999 _c71011
_d71011